| 000 | 00514nmm a2200169Ia 4500 | ||
|---|---|---|---|
| 008 | 251105s9999||||xx |||||||||||||||||und|| | ||
| 020 | _a9789681659615 | ||
| 041 | _aspa | ||
| 100 | _aMontemayor, Carlos | ||
| 245 | 0 | _aArte y plegaria en las lenguas indígenas de México | |
| 264 |
_a[México D.C., Mexico] : _bFondo de Cultura Económica, _c2013 |
||
| 300 | _a147 páginas | ||
| 490 | _aAntropología | ||
| 650 | _aCultural Studies | ||
| 856 | _uhttps://public.digitaliapublishing.com/a/43399 | ||
| 942 | _cCF | ||
| 999 |
_c96901 _d96901 |
||